Programming and problem solving With C++ / (Record no. 178965)

000 -LEADER
fixed length control field 01413 a2200241 4500
003 - CONTROL NUMBER IDENTIFIER
control field Nust
005 - DATE AND TIME OF LATEST TRANSACTION
control field 20220812090824.0
010 ## - LIBRARY OF CONGRESS CONTROL NUMBER
LC control number 99025436
020 ## - INTERNATIONAL STANDARD BOOK NUMBER
International Standard Book Number 0763710636
040 ## - CATALOGING SOURCE
Transcribing agency Nust
082 00 - DEWEY DECIMAL CLASSIFICATION NUMBER
Classification number 005.133,DEI
100 1# - MAIN ENTRY--PERSONAL NAME
Personal name Dale, Nell B.
9 (RLIN) 36735
245 10 - TITLE STATEMENT
Title Programming and problem solving With C++ /
Statement of responsibility, etc. Nell Dale, Chip Weems, Mark Headington.
250 ## - EDITION STATEMENT
Edition statement 2nd ed.
260 ## - PUBLICATION, DISTRIBUTION, ETC.
Place of publication, distribution, etc. New Delhi :
Name of publisher, distributor, etc. CBS pub.
Date of publication, distribution, etc. c2000.
300 ## - PHYSICAL DESCRIPTION
Extent xxxvi, 1049, 92 p. :
Other physical details ill. ;
Dimensions 23 cm.
500 ## - GENERAL NOTE
General note Includes index.
505 ## - FORMATTED CONTENTS NOTE
Formatted contents note Overview of Programming and Problem Solving (Page-1), C++ Syntax and Semantics and the Program Development Process (Page-47), Numeric Types Expressions And Output (Page-101), Program Input and The Software Design Process (Page-153), Conditions Logical Expressions and Selection Control Structures (Page-211), Looping (Page-275), Functions (Page-325), Scope Lifetime and More on Functions (Page-391), Additional Control Structures (Page-461), Simple Data Types Built in and User Defined (Page-493), Structured Types Data Abstraction and Classes (Page-577), Arrays (Page-663), Object-Oriented Software Development (Page-801), Pointers Dynamic Data and Reference Types (Page-867), Linked Structures (Page-943), Recursion (Page-1013).
650 #0 - SUBJECT ADDED ENTRY--TOPICAL TERM
Topical term or geographic name entry element C++ (Computer program language)
700 1# - ADDED ENTRY--PERSONAL NAME
Personal name Headington, Mark R.
9 (RLIN) 36736
700 1# - ADDED ENTRY--PERSONAL NAME
Personal name Weems, Chip.
9 (RLIN) 36737
942 ## - ADDED ENTRY ELEMENTS (KOHA)
Source of classification or shelving scheme
Koha item type Book
Call number prefix 005.133,DEI
Holdings
Withdrawn status Lost status Source of classification or shelving scheme Damaged status Not for loan Permanent Location Current Location Shelving location Date acquired Total Checkouts Full call number Barcode Date last seen Date last checked out Price effective from Koha item type Public note
          Military College of Signals (MCS) Military College of Signals (MCS) General Stacks 12/12/2016 1 005.133,DEI MCS27737 12/31/2025 12/15/2025 12/12/2016 Book Almirah No.4, Shelf No.4
          Military College of Signals (MCS) Military College of Signals (MCS) General Stacks 12/12/2016   005.133,DEI MCS28216 12/08/2016   12/12/2016 Book Almirah No.4, Shelf No.4
          Military College of Signals (MCS) Military College of Signals (MCS) General Stacks 12/12/2016   005.133,DEI MCS30556 12/08/2016   12/12/2016 Book Almirah No.4, Shelf No.4
© 2023 Central Library, National University of Sciences and Technology. All Rights Reserved.